Sudden Death: Countries with Glaciers - Statistics

General Stats
  • This quiz has been taken 119 times
  • The average score is 7 of 26
Answers on the Grid
Answers color-coded by a green-red scale on the quiz's grid according to % correct below.
Albania
Argentina
Australia
Belize
Bhutan
Brazil
Bulgaria
Canada
Chad
Chile
China
Denmark
Estonia
Finland
France
Guyana
Iceland
India
Kenya
Latvia
Montenegro
Nepal
New Zealand
Niger
Norway
Pakistan
Poland
Russia
Serbia
Slovakia
Spain
Sri Lanka
Sweden
Switzerland
Tajikistan
Tanzania
United Kingdom
United States
Uruguay
Venezuela
 
Answer Stats
Answer % Correct
Argentina
68%
Canada
55%
United States
45%
China
40%
Chile
38%
Norway
38%
New Zealand
30%
Switzerland
30%
Denmark
28%
France
28%
Iceland
28%
Sweden
28%
Bhutan
25%
Nepal
25%
Russia
25%
Tajikistan
23%
Pakistan
20%
India
15%
Slovakia
15%
Tanzania
15%
Spain
13%
Kenya
10%
Albania
8%
Bulgaria
5%
Montenegro
3%
Serbia
3%
No matching quizzes found
Score Distribution
Percent of People with Each Score
Percentile by Number Answered
Your Score History
You have not taken this quiz